Music Quiz

Random Music or Clip Quiz

Jukebox 1999-2000 (Clips) Quiz Stats

 Plays Quiz not verified by Sporcle

Score 0/50 Timer 15:00
0 Plays Today
Index / Start Time Title % Correct
2 / 0:07All Star
95.1%
5 / 0:28...Baby One More Time
91.4%
12 / 1:17Bye Bye Bye
88.8%
10 / 1:03Blue (Da Ba Dee)
85.2%
42 / 4:47That Don't Impress Me Much
73.7%
28 / 3:09My Name Is
71.1%
6 / 0:35Bailamos
70.4%
11 / 1:10Breathe
68.4%
7 / 0:42Beautiful Stranger
66.1%
27 / 3:02Miami
65.8%
21 / 2:20Higher
64.8%
23 / 2:34Independent Women
64.5%
34 / 3:51Pretty Fly (For A White Guy)
63.8%
31 / 3:30Otherside
62.2%
45 / 5:08Unpretty
57.9%
8 / 0:49Bent
56.6%
1 / 0:00Absolutely (Story Of A Girl)
55.6%
39 / 4:26Summer Girls
54.3%
36 / 4:05Rollin'
52.3%
4 / 0:21Angel Of Mine
51%
25 / 2:48Jumper
50.7%
46 / 5:15What It's Like
48.7%
43 / 4:54That's The Way It Is
48%
37 / 4:12Shape Of My Heart
46.7%
26 / 2:55Meet Virginia
42.8%
Index / Start Time Title % Correct
32 / 3:37Party Up (Up In Here)
41.4%
29 / 3:16The Next Episode
38.8%
14 / 1:31Desert Rose
38.8%
9 / 0:56Black Balloon
37.2%
48 / 5:29Wonderful
35.2%
19 / 2:06The Hardest Thing
34.2%
18 / 1:59Gotta Tell You
34.2%
15 / 1:38Doesn't Really Matter
33.2%
33 / 3:44Pinch Me
32.9%
20 / 2:13He Wasn't Man Enough
32.9%
44 / 5:01There You Go
32.6%
24 / 2:41It Feels So Good
29.3%
17 / 1:52Faded
28.9%
3 / 0:14Almost Doesn't Count
28.6%
49 / 5:36You Sang To Me
25.3%
16 / 1:45Don't Think I'm Not
24.3%
38 / 4:19She's All I Ever Had
23.4%
41 / 4:40Tell Me It's Real
22.7%
50 / 5:43You Were Mine
22%
35 / 3:58Put Your Lights On
20.1%
13 / 1:24Chanté’s Got A Man
19.4%
30 / 3:23Only God Knows Why
19.1%
22 / 2:27Hot Boyz
19.1%
40 / 4:33Take Me There
18.4%
47 / 5:22What's It Gonna Be?!
16.8%

You're not logged in!

Compare scores with friends on all Sporcle quizzes.
OR
Log In

Sporcle TV

Today on Sporcle TV


Watch our educational content, quiz creation guides, and fun videos on Sporcle TV.

Show Comments

Extras

Top Quizzes Today


Score Distribution

Your Account Isn't Verified!

In order to create a playlist on Sporcle, you need to verify the email address you used during registration. Go to your Sporcle Settings to finish the process.

Report this User

Report this user for behavior that violates our Community Guidelines.

Details: